International IP enforcement : protecting patents, trade secrets and market access : hearing before the Subcommittee on Intellectual Property, Competition, and the Internet of the Committee on the Judiciary, House of Representatives, One Hundred Twelfth Congress, second session, June 27, 2012.

Bibliographic Details
Corporate Author: United States. Congress. House. Committee on the Judiciary. Subcommittee on Intellectual Property, Competition, and the Internet
Format: Government Document eBook
Language:English
Published: Washington : U.S. G.P.O., 2012.
Subjects:
Online Access:https://purl.fdlp.gov/GPO/gpo27624

MARC

Tag First Indicator Second Indicator Subfields
LEADER 00000cam a2200000 a 4500
001 in00002781395
005 20211120170024.0
006 m o d f
007 cr bn|||||||||
008 120831s2012 dcu o f000 0 eng c
035 |a (OCoLC)ocn808814333 
040 |a GPO  |c GPO  |d GPO  |d OCLCQ  |d GPO  |d MvI  |d UtOrBLW 
042 |a pcc 
043 |a n-us--- 
049 |a WWW 
050 1 4 |a KF27  |b .J8647 2012b 
074 |a 1020-C (online) 
086 0 |a Y 4.J 89/1:112-119 
088 |a Serial no. 112-119 (United States. Congress. House. Committee on the Judiciary) 
110 1 |a United States.  |b Congress.  |b House.  |b Committee on the Judiciary.  |b Subcommittee on Intellectual Property, Competition, and the Internet. 
245 1 0 |a International IP enforcement :  |b protecting patents, trade secrets and market access : hearing before the Subcommittee on Intellectual Property, Competition, and the Internet of the Committee on the Judiciary, House of Representatives, One Hundred Twelfth Congress, second session, June 27, 2012. 
264 1 |a Washington :  |b U.S. G.P.O.,  |c 2012. 
300 |a 1 online resource (iii, 34 pages) 
336 |a text  |b txt  |2 rdacontent 
337 |a computer  |b c  |2 rdamedia 
338 |a online resource  |b cr  |2 rdacarrier 
500 |a Title from title screen (viewed Aug. 31, 2012). 
500 |a "Serial number 112-119." 
500 |a Electronic resource. 
650 0 |a Intellectual property (International law) 
650 0 |a Intellectual property infringement  |z United States. 
650 0 |a Competition, Unfair. 
610 1 0 |a United States.  |b Patent and Trademark Office. 
776 0 8 |i Print version:  |a United States. Congress. House. Committee on the Judiciary. Subcommittee on Intellectual Property, Competition, and the Internet.  |t International IP enforcement : protecting patents, trade secrets and market access  |w (OCoLC)811136624 
776 0 8 |i Microfiche:  |a United States. Congress. House. Committee on the Judiciary. Subcommittee on Intellectual Property, Competition, and the Internet.  |t International IP enforcement : protecting patents, trade secrets and market access  |w (OCoLC)823303565 
856 4 0 |u https://purl.fdlp.gov/GPO/gpo27624  |t 0 
999 |a MARS 
999 f f |s 613dcc84-85fb-3d8d-8e6a-06990e971a9c  |i d00bab87-5a96-3da5-abd8-a1157c741b26  |t 0 
952 f f |a Texas A&M University  |b College Station  |c Electronic Resources  |d Available Online  |t 0  |e Y 4.J 89/1:112-119  |h Superintendent of Documents classification 
998 f f |a Y 4.J 89/1:112-119  |t 0  |l Available Online